Cutting Edge Technologies And Academic Librarianship (Record no. 211283)

MARC details
000 -LEADER
fixed length control field 00613nam a22001937a 4500
005 - DATE AND TIME OF LATEST TRANSACTION
control field 20250514154002.0
010 ## - LCCN (DPL NO)
LC control number ENG-144922
020 ## - INTERNATIONAL STANDARD BOOK NUMBER
Terms of availability 1250.00
International Standard Book Number 9788170007135
035 ## - SYSTEM CONTROL NUMBER
System control number EN-128454
037 ## - SOURCE OF ACQUISITION
Source of stock number/acquisition DBAD
082 ## - DEWEY DECIMAL CLASSIFICATION NUMBER
Classification number 027.7
100 ## - MAIN ENTRY--PERSONAL NAME
Personal name Kaushik, Anna
245 ## - TITLE STATEMENT
Title Cutting Edge Technologies And Academic Librarianship
Statement of responsibility, etc By Anna Kaushik And Nirmal Kumar Swain
260 ## - PUBLICATION, DISTRIBUTION, ETC. (IMPRINT)
Place of publication, distribution, etc Darya Ganj
Name of publisher, distributor, etc Ess Ess Publications
Date of publication, distribution, etc 2014
270 ## - ADDRESS
Address 4831/24,AnsariRoad
City New Delhi
Postal code 110002
Telephone number 2360807,41563444
Fax number 41563334
300 ## - PHYSICAL DESCRIPTION
Extent xv, 387p
Dimensions 23(hb)
760 ## - MAIN SERIES ENTRY
Edition 1
942 ## - ADDED ENTRY ELEMENTS (KOHA)
Source of classification or shelving scheme Dewey Decimal Classification
Item type English Books
Classification part 027.7
Call number suffix KAU

No items available.


© Delhi Public Library
Hit Counter
free hit counter